Welches ist größer? Länder Quiz #3 - Statistiken

Allgemein
  • Dieses Quiz wurde 501 mal gespielt
    316 seit der letzten Aktualisierung
  • Das Durchschnittsergebnis liegt bei 10 aus 15
Antwortstatistiken
Frage Antwort % Korrekt
Russland oder Kanada? Russland
100%
Mongolei oder Kasachstan? Kasachstan
92%
Katar oder Bahrain? Katar
92%
Pakistan oder Sambia? Pakistan
92%
Niederlande oder Schweiz? Niederlande
83%
Elfenbeinküste oder Norwegen? Norwegen
83%
Albanien oder Nord Mazedonien? Albanien
75%
Thailand oder Myanmar? Myanmar
75%
Syrien oder Jordanien? Syrien
75%
Irland oder Serbien? Serbien
67%
Kolumbien oder Bolivien? Kolumbien
58%
Griechenland oder Bulgarien? Griechenland
42%
Rwanda oder Burundi? Burundi
17%
Ukraine oder Somalia? Somalia
17%
Malta oder Andorra? Andorra
8%
Keine übereinstimmenden Quizze gefunden
Verteilung der Resultate
Anzahl Personen mit jedem Resultat
Perzentil nach korrekt beantworteten Fragen
Ihre Resultats-Entwicklung
Sie haben dieses Quiz seit der letzten Aktualisierung nicht gespielt